Génesis del descubrimiento
Uloženo v:
| Hlavní autoři: | , |
|---|---|
| Médium: | Kniha |
| Jazyk: | španělština |
| Vydáno: |
Barcelona
Salvat editores
1947
|
| Edice: | Historia de América y de los Pueblos Americanos, 3
|
| Témata: | |
| Tagy: |
Přidat tag
Žádné tagy, Buďte první, kdo vytvoří štítek k tomuto záznamu!
|
MARC
| LEADER | 00000nam a2200000 a 4500 | ||
|---|---|---|---|
| 001 | UCO2724 | ||
| 003 | CL-VaPUC | ||
| 008 | 000608e19470000SP |||||||||||||||||spa|d | ||
| 082 | 0 | 4 | |a 980 |b BAL |2 21 |
| 100 | 0 | |a Ballesteros Beretta, Antonio |e author |9 446261 | |
| 700 | 0 | |a Cortesao, Jaime |e author |9 446287 | |
| 245 | 1 | 0 | |a Génesis del descubrimiento |
| 246 | 1 | 0 | |a Los Portugueses |
| 300 | |a 766 p | ||
| 942 | |c BK | ||
| 945 | |d 20000608 00:00:00 |a rherrera | ||
| 260 | |a Barcelona |b Salvat editores |c 1947 | ||
| 650 | 0 | |a Historia de América |9 266076 | |
| 650 | 7 | |a DESCUBRIMIENTO DE AMERICA |2 CL-VaPUC |9 446288 | |
| 650 | 0 | |a Antecedentes |9 446289 | |
| 650 | 7 | |a PORTUGUESES |2 CL-VaPUC |9 446290 | |
| 650 | 7 | |a EXPANSION EUROPEA |2 CL-VaPUC |9 440588 | |
| 651 | 0 | |a América |9 255182 | |
| 651 | 7 | |a PORTUGAL |2 CL-VaPUC |9 255007 | |
| 583 | |a last modification |c 20000608 00:00:00 |k Rodrigo Vera | ||
| 490 | 0 | |a Historia de América y de los Pueblos Americanos, 3 | |
| 999 | |c 289222 |d 289220 | ||
| 952 | |0 0 |1 0 |4 0 |6 980_000000000000000_BAL_1947 |7 0 |8 A |9 337454 |a BIBHIS |b BIBHIS |d 2019-11-20 |i 1286366 |o 980 BAL 1947 |p 1286366 |r 2025-01-20 |w 2019-11-20 |y BK |k HIS | ||